Time-dependent subdifferential evolution inclusions and optimal control
Saved in:
| Main Author: | |
|---|---|
| Other Authors: | |
| Format: | Book |
| Language: | English |
| Published: |
providence, R.I. :
American Mathematical Society,
1998
|
| Series: | Memoirs of the American Mathematical Society ;
; 632 |
| Subjects: | |
| Tags: |
Add Tag
No Tags, Be the first to tag this record!
|
MARC
| LEADER | 00000nam a2200000 i 4500 | ||
|---|---|---|---|
| 001 | 1/90834 | ||
| 008 | 991004s1998 eng d | ||
| 020 | |a 0-8218-0779-X | ||
| 035 | |l 10053290 | ||
| 040 | |a GR-MY-UA |b gre |e aacr | ||
| 041 | 0 | |a eng | |
| 082 | 0 | |a 515.35 | |
| 100 | 1 | |a Hu, Shouchuan. | |
| 245 | 1 | 0 | |a Time-dependent subdifferential evolution inclusions and optimal control / |c Shouchuan Hu, Nikolaos S. Papageorgiou |
| 260 | |a providence, R.I. : |b American Mathematical Society, |c 1998 | ||
| 300 | |a viii, 81 p.; |b ill.; |c 25 cm. | ||
| 490 | 1 | |a Memoirs of the American Mathematical Society |v ; 632 | |
| 500 | |a "May 1998, volume 133, number 632 (third of 5 numbers)." | ||
| 500 | |a Includes bibliographical references | ||
| 650 | 0 | 0 | |a Subdifferentials. |
| 650 | 0 | 0 | |a Differential inclusions. |
| 650 | 0 | 0 | |a Evolution equations. |
| 650 | 0 | 0 | |a Control theory. |
| 650 | 0 | 0 | |a Mathematical optimization. |
| 700 | 1 | |a Παπαγεωργίου, Νικόλαος Σ. | |
| 830 | 0 | |a Memoirs of the American Mathematical Society ; |v ; 632 | |
| 852 | |a INST |b SAMOS |e 19991004 |h 515.35 HUS |p 005300012295 |q 005300012295 |t BK |y 0 | ||
| 901 | |a BIBL3-1999-3 | ||
| 909 | |a Σ |b 067161 | ||
| 922 | |a 3ΕΛΗ |b 199907 |c ΕΠΕΑΕΚ/ΜΑΘ |d ΠΑΠΑΣΩΤΗΡΙΟΥ | ||
| 970 | |a ΠΟΥΡΝΑΡΑΣ |b ΔΗΜΗΤΡΗΣ |z 1999/10/04 | ||